Entrepreneurial finance (Record no. 359951)

MARC details
000 -LEADER
fixed length control field 00531 a2200217 4500
005 - DATE & TIME
control field 20250228112703.0
008 - FIXED-LENGTH DATA ELEMENTS--GENERAL INFORMATION
fixed length control field 250220b |||||||| |||| 00| 0 eng d
020 ## - ISBN
International Standard Book Number 9789355737755
Price Rs. 1050.00
040 ## - CATALOGING SOURCE
Original cataloging agency VIVEKANANDA LIBRARY
082 ## - DDC NUMBER
Classification number 658.15
Book Number L465E
100 ## - MAIN ENTRY--PERSONAL NAME
Personal name Leach, J Chris
245 ## - TITLE STATEMENT
Title Entrepreneurial finance
250 ## - EDITION STATEMENT
Edition statement 7th
260 ## - PUBLICATION, DISTRIBUTION, ETC. (IMPRINT)
Name of publisher, distributor, etc Cengage India
Place of publication, distribution, etc Delhi
Date of publication, distribution, etc 2024
300 ## - PHYSICAL DESCRIPTION
Pages xvii, 696
650 ## - Subject
Subject Management
650 ## - Subject
Subject Entrepreneurial
650 ## - Subject
Subject Finance
700 ## - Added Entry Personal Name
Added Entry Personal Name Melicher, Ronald W
942 ## - ADDED ENTRY ELEMENTS (KOHA)
Koha item type Books
Holdings
Withdrawn status Lost status Source of classification or shelving scheme Damaged status Not for loan Location (home branch) Sublocation or collection (holding branch) Shelving location Date acquired Koha issues (times borrowed) Koha full call number Accession No. Koha date last seen Koha item type
    Dewey Decimal Classification     VIVEKANANDA LIBRARY VIVEKANANDA LIBRARY IMSAR Library 21/01/2025   658.15 L465E 420555 21/01/2025 Books
© Designed and Maintained by Vivekananda Library, MDU Rohtak